<?xml version="1.0" encoding="UTF-8"?>
<record
    xmlns:xsi="http://www.w3.org/2001/XMLSchema-instance"
    xsi:schemaLocation="http://www.loc.gov/MARC21/slim http://www.loc.gov/standards/marcxml/schema/MARC21slim.xsd"
    xmlns="http://www.loc.gov/MARC21/slim">

  <leader>00589nam a22001577a 4500</leader>
  <controlfield tag="003">OSt</controlfield>
  <controlfield tag="005">20151101105028.0</controlfield>
  <controlfield tag="008">151101b        xxu||||| |||| 00| 0 eng d</controlfield>
  <datafield tag="040" ind1=" " ind2=" ">
    <subfield code="c">RUA</subfield>
  </datafield>
  <datafield tag="082" ind1=" " ind2=" ">
    <subfield code="a">FOR &#x1787;&#x17B9;&#x1798; 1990 B115 Or.1</subfield>
  </datafield>
  <datafield tag="100" ind1=" " ind2=" ">
    <subfield code="9">3128</subfield>
    <subfield code="a">&#x1787;&#x17B9;&#x1798;, &#x17A1;&#x17B6;</subfield>
  </datafield>
  <datafield tag="245" ind1=" " ind2=" ">
    <subfield code="a">&#x1780;&#x17B6;&#x179A;&#x179A;&#x17C0;&#x1794;&#x1785;&#x17C6;&#x1794;&#x1785;&#x17D2;&#x1785;&#x17C1;&#x1780;&#x1791;&#x17C1;&#x179F;&#x1794;&#x17D2;&#x179A;&#x1798;&#x17BC;&#x179B;&#x1795;&#x179B;&#x1796;&#x17C4;&#x178F; &#x178A;&#x17C4;&#x1799;&#x1798;&#x17C9;&#x17B6;&#x179F;&#x17CA;&#x17B8;&#x1793;&#x1780;&#x17B6;&#x17C6;&#x1794;&#x17C2; &#x179F;&#x17C1;&#x1780;&#x17B6;"&#x1793;&#x17B8;&#x179C;&#x17C9;&#x17B6;" &#x1793;&#x17C5;&#x179F;&#x17D2;&#x1790;&#x17B6;&#x1793;&#x17B8;&#x1799;&#x17CD;&#x1794;&#x1793;&#x17D2;&#x1791;&#x17B6;&#x1799;&#x178A;&#x17C2;&#x1780;</subfield>
  </datafield>
  <datafield tag="260" ind1=" " ind2=" ">
    <subfield code="a">Phnom Penh</subfield>
    <subfield code="b">RUA</subfield>
    <subfield code="c">1990</subfield>
  </datafield>
  <datafield tag="300" ind1=" " ind2=" ">
    <subfield code="a">125p.</subfield>
    <subfield code="b">ill.</subfield>
    <subfield code="c">29cm.</subfield>
  </datafield>
  <datafield tag="942" ind1=" " ind2=" ">
    <subfield code="2">ddc</subfield>
    <subfield code="c">FOR</subfield>
  </datafield>
  <datafield tag="999" ind1=" " ind2=" ">
    <subfield code="c">2917</subfield>
    <subfield code="d">2917</subfield>
  </datafield>
  <datafield tag="952" ind1=" " ind2=" ">
    <subfield code="0">0</subfield>
    <subfield code="1">0</subfield>
    <subfield code="2">ddc</subfield>
    <subfield code="4">0</subfield>
    <subfield code="6">FOR_&#x1787;&#x17B9;&#x1798;_1990_000000000000000_B115_OR_1</subfield>
    <subfield code="7">0</subfield>
    <subfield code="9">14034</subfield>
    <subfield code="a">LBB</subfield>
    <subfield code="b">LBB</subfield>
    <subfield code="c">B115</subfield>
    <subfield code="d">2015-11-01</subfield>
    <subfield code="o">FOR &#x1787;&#x17B9;&#x1798; 1990 B115 Or.1</subfield>
    <subfield code="p">RUA027859</subfield>
    <subfield code="r">2015-11-01</subfield>
    <subfield code="w">2015-11-01</subfield>
    <subfield code="y">FOR</subfield>
  </datafield>
</record>
